|
|
|
|
| LEADER |
01897aam a22004458a 4500 |
| 001 |
000023725 |
| 003 |
20178 |
| 005 |
20160115140143.0 |
| 008 |
160115s2015 viesd |
| 020 |
|
|
|d 2000b
|
| 041 |
0 |
|
|a vie
|
| 082 |
0 |
4 |
|2 23
|a 398.20899593
|b KÊ-S
|
| 100 |
1 |
|
|a Kê Sửu
|
| 245 |
1 |
0 |
|a Achât
|b Sử thi của dân tộc Ta Ôi : Song ngữ Ta Ôi - Việt
|c Kê Sửu
|n Q.1
|p Achât
|
| 260 |
|
|
|a H.
|b Khoa học xã hội
|c 2015
|
| 300 |
|
|
|a 550 tr.
|b bảng
|c 21 cm.
|
| 500 |
|
|
|a ĐTTS ghi: Hội Văn nghệ dân gian Việt Nam
|
| 546 |
|
|
|a Chính văn bằng 2 thứ tiếng Tà Ôi - Việt
|
| 650 |
0 |
4 |
|2 Bộ TK TVQG
|a Văn học dân gian
|x Sử thi
|x Dân tộc Tà Ôi
|
| 650 |
|
7 |
|2 Bộ TK TVQG
|
| 651 |
|
7 |
|2 Bộ TK TVQG
|a Việt Nam
|
| 653 |
|
|
|a Dân tộc Tà Ôi
|
| 653 |
|
|
|a AChất
|
| 653 |
|
|
|a Sử thi
|
| 653 |
|
|
|a Văn học dân gian
|
| 655 |
|
7 |
|2 Bộ TK TVQG
|a Sử thi
|
| 773 |
|
|
|a Kê Sửu
|d H.
|d Khoa học xã hội
|d 2015
|n ĐTTS ghi: Hội Văn nghệ dân gian Việt Nam
|t Achât (Sử thi của dân tộc Ta-Ôi)
|w 668913
|
| 773 |
|
|
|d Khoa học xã hội
|d H.
|d 2015
|t AChât (Sử thi của dân tộc Ta Ôi)
|w 20177
|
| OWN |
|
|
|a LSP
|
| AVA |
|
|
|a UDN50
|b LNN
|d 398.20899593 KÊ-S
|e available
|t Error 5001 Not defined in file expand_doc_bib_avail.
|f 1
|g 0
|h N
|i 0
|
| AVA |
|
|
|a UDN50
|b LSP
|d 398.20899593 KÊ-S
|e available
|t Error 5001 Not defined in file expand_doc_bib_avail.
|f 1
|g 0
|h N
|i 0
|k 1
|
| 999 |
|
|
|a From the UDN01
|
| AVA |
|
|
|a UDN50
|b LNN
|d 398.20899593 KÊ-S
|e available
|t Error 5001 Not defined in file expand_doc_bib_avail.
|f 1
|g 0
|h N
|i 0
|
| AVA |
|
|
|a UDN50
|b LSP
|d 398.20899593 KÊ-S
|e available
|t Error 5001 Not defined in file expand_doc_bib_avail.
|f 1
|g 0
|h N
|i 0
|k 1
|
| TYP |
|
|
|a Monograph
|
| TYP |
|
|
|a Printed language
|
| 980 |
|
|
|a Mạng thư viện Đại học Đà Nẵng
|